Who's That with Ray Romano? Quiz Stats

 Plays Quiz Updated Mar 10, 2016

Challenge
Share
Tweet
Score 0/19 Timer 06:00
10 Plays Today
% Correct
Adam Sandler
91.3%
Jimmy Fallon
89.6%
Miley Cyrus
88.5%
Jimmy Kimmel
87.3%
David Letterman
85.5%
Queen Latifah
80.7%
Kevin James
70.9%
Seth Rogen
62.5%
Julia Louis-Dreyfus
62.2%
Gene Hackman
60.2%
% Correct
Matthew McConaughey
48.6%
Hank Azaria
47.9%
Patricia Heaton
42.1%
Brad Garrett
39.7%
Peter Boyle
38.3%
Zooey Deschanel
38%
Lauren Graham
36.6%
Kyra Sedgwick
35.4%
Famke Janssen
20.7%

You're not logged in!

Compare scores with friends on all Sporcle quizzes.
Join for Free
OR
Log In

You Might Also Like...

Show Comments

Extras

Top Quizzes Today


Score Distribution

Your Account Isn't Verified!

In order to create a playlist on Sporcle, you need to verify the email address you used during registration. Go to your Sporcle Settings to finish the process.

Report this User

Report this user for behavior that violates our Community Guidelines.

Details: